书目信息 |
| 题名: |
杰克·韦尔奇自传
|
|
| 作者: | 韦尔奇 , Welch , 拜恩 编 ;曹彦博 , 孙立明 , 丁浩 译 | |
| 分册: | ||
| 出版信息: | 北京 中信出版社 2001.11 |
|
| 页数: | 353页 | |
| 开本: | 26cm | |
| 丛书名: | ||
| 单 册: | ||
| 中图分类: | K837.125.38 | |
| 科图分类: | ||
| 主题词: | 通用电气公司(美国)--工业企业管理--经验 | |
| 电子资源: | ||
| ISBN: | 7-80073-376-9 | |
| 000 | 01004nam0 2200301 45 | |
| 001 | 012004000000 | |
| 005 | 20041026100212.68 | |
| 010 | @a7-80073-376-9@b精装@dCNY 58.00 | |
| 100 | @a20040916e2001 em y0chiy0121 ea | |
| 101 | 1 | @achi@ceng |
| 102 | @aCN@b110000 | |
| 105 | @aaf z 000ya | |
| 200 | 1 | @a杰克·韦尔奇自传@Ajie ke·wei er qi zi zhuan@dJack: Straight from the gut@f(美)杰克·韦尔奇, 约翰·拜恩著@g曹彦博, 孙立明, 丁浩译@zeng |
| 210 | @a北京@c中信出版社@d2001.11@h2002 | |
| 215 | @a353页@c图, 照片@d26cm | |
| 320 | @a本书含附录 | |
| 510 | 1 | @aJack: Straight from the gut@zeng |
| 600 | 1 | @a韦尔奇@bJ.@x自传 |
| 606 | 0 | @a通用电气公司(美国)@x工业企业管理@x经验 |
| 690 | @aK837.125.38@v4 | |
| 701 | 1 | @a韦尔奇@Awei er qi@b杰克@4编 |
| 701 | A1 | @aWelch@bJohn F.@4著 |
| 701 | 0 | @a拜恩@Aban en@b约翰@4著 |
| 702 | 0 | @a曹彦博@Acao yan bo@4译 |
| 702 | 0 | @a孙立明@Asun li ming@4译 |
| 702 | 0 | @a丁浩@Ading hao@4译 |
| 801 | 0 | @aCN@bQSSKl@c20041026 |
| 905 | @a10447@dK837.125.38@eJ702 | |
| 杰克·韦尔奇自传=Jack: Straight from the gut/(美)杰克·韦尔奇, 约翰·拜恩著/曹彦博, 孙立明, 丁浩译.-北京:中信出版社,2001.11(2002) |
| 353页:图, 照片;26cm |
| ISBN 7-80073-376-9(精装):CNY 58.00 |
| ● |
| 相关链接 |
|
|
|
正题名:杰克·韦尔奇自传
索取号:K837.125.38/J702
 
预约/预借
| 序号 | 登录号 | 条形码 | 馆藏地/架位号 | 状态 | 备注 |
| 1 | 422743 | 204227434 | 社科库309/309社科库 4排2列2层/ [索取号:K837.125.38/J702] | 在馆 | |
| 2 | 422744 | 204227443 | 社科库309/309社科库 4排2列2层/ [索取号:K837.125.38/J702] | 在馆 | |
| 3 | 422745 | 204227452 | 社科库309/309社科库 4排2列2层/ [索取号:K837.125.38/J702] | 在馆 |